Lazos : desgarraduras y vínculos en el arte y la cultura latinoamericanos /

Bibliographic Details
Other Authors: Cámara, Mario (Editor), Rodríguez-Carranza, Luz, 1951- (Editor)
Format: Electronic eBook
Language:Spanish
Published: Villa María, Córdoba, Argentina : Eduvim, 2019.
Series:Colección Poliedros.
Subjects:
Online Access:Digitalia Hispánica

MARC

LEADER 00000nam a2200000Ii 4500
001 DIGEDUV0257
003 NyNyDIG
006 m o d
007 cr |||||||||||
008 240901s2019 ag ob 000 0 spa d
035 |a (OCoLC)1454785879 
040 |a DGITA  |b eng  |e rda  |e pn  |c DGITA 
020 |a 9789876995849  |q eBook 
020 |z 9789876995795 
043 |a cl----- 
050 1 4 |a NX180.S6 ebook 
245 0 0 |a Lazos :  |b desgarraduras y vínculos en el arte y la cultura latinoamericanos /  |c Mario Cámara, Luz Rodríguez Carranza (eds.). 
264 1 |a Villa María, Córdoba, Argentina :  |b Eduvim,  |c 2019. 
300 |a 1 online resource. 
336 |a text  |b txt  |2 rdacontent 
337 |a computer  |b c  |2 rdamedia 
338 |a online resource  |b cr  |2 rdacarrier 
347 |a text file  |2 rdaft 
347 |b EPUB 
504 |a Includes bibliographical references. 
588 0 |a Online resource; title from ePub title page (Digitalia, viewed September 1, 2024) 
650 0 |a Group identity  |z Latin America. 
650 0 |a Arts, Latin American. 
700 1 |a Cámara, Mario,  |e editor. 
700 1 |a Rodríguez-Carranza, Luz,  |d 1951-  |e editor. 
776 0 8 |i Print version:  |t Lazos.  |d Villa María, Córdoba, Argentina : Eduvim, 2019  |z 9789876995795 
791 2 |a Digitalia (Firm),  |e distributor. 
793 0 |g Digitalia eBook Collection:  |a Ediciones Eduvim 
830 0 |a Colección Poliedros. 
856 4 0 |3 Digitalia Hispánica  |u https://www.digitaliapublishing.com/a/158249/ 
910 |a Premium collection: 2024